000 00478nam a2200181Ia 4500
008 240925s9999 xx 000 0 und d
020 _a8178083302
082 _a005.133 ECK
100 _aEckel, Bruce
245 0 _aThinking in Java
250 _a2nd
260 _aSingapore:
_bPearson education
_c,2000.
300 _a675p.
_bNA
_fOriginal
500 _aIncludes Index
600 _aComputer Science
650 _aComputer science, information & general works
942 _cBK
999 _c8199
_d8199